Every Premier League 2023/24 Referees - Statistics

General Stats
  • This quiz has been taken 35 times
  • The average score is 8 of 26
Answer Stats
Appearances Answer % Correct
19 Anthony Taylor
79%
17 Michael Oliver
79%
11 David Coote
52%
13 Jarred Gillett
52%
16 Andrew Madley
41%
1 Bobby Madley
41%
14 Chris Kavanagh
41%
12 Craig Pawson
41%
17 Paul Tierney
41%
12 Stuart Attwell
38%
6 Darren England
34%
15 Robert Jones
34%
16 Simon Hooper
34%
15 John Brooks
31%
4 Josh Smith
28%
2 Lewis Smith
24%
12 Samuel Barrott
21%
4 Tony Harrington
17%
2 Graham Scott
14%
10 Michael Salisbury
14%
10 Peter Bankes
14%
2 Rebecca Welch
14%
3 Darren Bond
10%
8 Thomas Bramall
10%
16 Tim Robinson
7%
1 Samuel Allison
3%
No matching quizzes found
Score Distribution
Percent of People with Each Score
Percentile by Number Answered
Your Score History
You have not taken this quiz